| 000 | 00994nam a2200265 4500 | ||
|---|---|---|---|
| 999 |
_c64229 _d64229 |
||
| 005 | 20240530110721.0 | ||
| 008 | 180321s2017 ua a g b 000 0 ara d | ||
| 017 |
_a2017/1575 _bمصر. دار الكتب |
||
| 020 | _a9789773805210 | ||
| 040 |
_aEG-CaGPL _cEG-CaGPL |
||
| 082 | 0 | 4 |
_221 _a658.3\ _bم إ |
| 100 | 0 | _aمحمد السيد البدوى الدسوقى طلحة | |
| 245 | 1 | 0 |
_aادارة الموارد البشرية HRM / _cاعداد محمد السيد البدوى الدسوقى طلحة . |
| 250 | _aط.1 | ||
| 260 |
_aالقاهرة : _bدار العلوم للنشر والتوزيع، _c2017 . |
||
| 300 |
_a113 ص. ؛ _c24 سم. |
||
| 650 | 0 | 7 |
_2qrmak _aالموارد البشرية |
| 650 | 0 | 7 |
_2qrmak _aالموظفون |
| 650 | 0 | 7 |
_2qrmak _aتقييم الوظائف |
| 650 | 0 | 7 |
_2qrmak _aتحليل الوظائف |
| 650 | 0 | 7 |
_2qrmak _aادارة الافراد |
| 651 | _2qrmak | ||
| 942 |
_2ddc _cBK |
||